The Roman history : from the total failure of the Western empire ... to the restitution of the same by Charles the Great. ... Vol. IV. By the author of the third. Revis'd by Laurence Echard, ... With a compleat index to the whole.

Bibliographic Details
Main Author: Echard, Laurence, 1670?-1730
Format: eBook
Language:English
Series:Eighteenth century collections online.
Online Access:Full text online

MARC

Tag First Indicator Second Indicator Subfields
LEADER 00000cam a2200000 4500
001 in00001859513
006 m | d |
007 cr |n||||||||n
008 840704s1704 enk|||| s 00| ||eng d
005 20260407205336.8
035 |a (CStRLIN)ESTCT149534 
040 |a Uk-ES  |c Uk-ES  |d Cu-RivES  |d CStRLIN  |d Thomson Gale  |d UtOrBLW 
100 1 |a Echard, Laurence,  |d 1670?-1730. 
240 1 0 |a Roman history.  |p Vol.4 
245 1 4 |a The Roman history :  |b from the total failure of the Western empire ... to the restitution of the same by Charles the Great. ... Vol. IV. By the author of the third. Revis'd by Laurence Echard, ... With a compleat index to the whole. 
264 3 |a London :  |b printed for Jacob Tonson,  |c 1704. 
300 |a volumes4 (8 unnumbered pages, 418, 30 unnumbered pages), plate ;  |c 8⁰. 
336 |a text  |b txt  |2 rdacontent 
337 |a computer  |b c  |2 rdamedia 
338 |a online resource  |b cr  |2 rdacarrier 
500 |a Titlepage in red and black. 
500 |a Reproduction of original from the Harvard University Houghton Library. 
510 4 |a English Short Title Catalog,  |c ESTCT149534. 
533 |a Electronic reproduction.  |b Farmington Hills, Mich. :  |c Thomson Gale,  |d 2003.  |n Available via the World Wide Web.  |n Access limited by licensing agreements  |7 s2003 miunns 
500 |a Electronic resource. 
830 0 |a Eighteenth century collections online. 
856 4 0 |u http://proxy.library.tamu.edu/login?url=https://galenet.galegroup.com/servlet/ECCO?c=1&stp=Author&ste=11&af=BN&ae=T149534&tiPG=1&dd=0&dc=flc&docNum=CW125214182&vrsn=1.0&srchtp=a&d4=0.33&n=10&SU=0LRH&locID=txshracd2898  |z Full text online  |t 0 
999 |a MARS 
999 f f |s f7d74b13-d215-3e6b-9687-e3b78ad59e41  |i 5752f52d-9365-3fc6-9e03-7311f64851dc  |t 0 
952 f f |a Texas A&M University  |b College Station  |c Electronic Resources  |s www_evans  |d Available Online  |t 0  |h No information provided 
998 f f |t 0  |l Available Online